[Event "GRE-ch U16 Attiki"]
[Site "Peristeri"]
[Date "2022.06.29"]
[Round "6"]
[White "Koulouris, Evangelos"]
[Black "Dimanoudis, Petros"]
[Result "0-1"]
[WhiteElo "1707"]
[BlackElo "1559"]
[PlyCount "56"]
[EventDate "2022.06.24"]
[EventType "swiss"]
[EventRounds "7"]
[EventCountry "GRE"]
[SourceTitle "EXT 2023"]
[Source "ChessBase"]
[SourceDate "2022.10.05"]
[SourceVersion "1"]
[SourceVersionDate "2022.10.05"]
[SourceQuality "1"]

1. d4 Nf6 2. c4 g6 3. Nf3 Bg7 4. g3 d6 5. Bg2 0-0 6. 0-0 Ne4 7. Nc3 Nxc3 8. bxc3 Nc6 9. e4 Bd7 10. Be3 Qc8 11. Qe2 f5 12. Nd2 e5 13. d5 Ne7 14. f3 f4 15. gxf4 exf4 16. Bd4 Rf7 17. e5 dxe5 18. Bxe5 g5 19. Kh1 Nf5 20. Bxg7 Rxg7 21. Rfe1 Ne3 22. Nf1 Nxg2 23. Qxg2 Bh3 24. Qf2 g4 25. Qh4 gxf3 26. Re5 Qg4 27. Qxg4 Rg6 28. Rh5 Rxg4 0-1

[Event "GRE-ch U16 Attiki"]
[Site "Peristeri"]
[Date "2022.06.25"]
[Round "2"]
[White "Fragkos, Vasileios"]
[Black "Dimanoudis, Petros"]
[Result "1-0"]
[WhiteElo "2062"]
[BlackElo "1559"]
[PlyCount "129"]
[EventDate "2022.06.24"]
[EventType "swiss"]
[EventRounds "7"]
[EventCountry "GRE"]
[SourceTitle "EXT 2023"]
[Source "ChessBase"]
[SourceDate "2022.10.05"]
[SourceVersion "1"]
[SourceVersionDate "2022.10.05"]
[SourceQuality "1"]

1. e4 c5 2. Nf3 e6 3. d4 cxd4 4. Nxd4 Nc6 5. c4 Nf6 6. Nc3 Bb4 7. Nxc6 bxc6 8. Bd3 e5 9. 0-0 0-0 10. Ne2 Re8 11. a3 Bf8 12. Qc2 d5 13. Ng3 g6 14. Bg5 Bb7 15. c5 h6 16. Bd2 Qc7 17. b4 Rad8 18. Rae1 dxe4 19. Bc4 Bc8 20. Rb1 a5 21. f3 Be6 22. fxe4 Bxc4 23. Qxc4 Rd4 24. Qe2 Nh7 25. Be3 Rd7 26. Nh1 Rb8 27. Nf2 Nf6 28. Rb2 Rb5 29. Rfb1 Qa7 30. Rb3 Rdb7 31. Qb2 Qb8 32. Nd3 a4 33. Rc3 Nxe4 34. Rc4 f5 35. Qxe5 Qxe5 36. Nxe5 Bxc5 37. Bxc5 Nxc5 38. Nxg6 Ne4 39. Rxc6 Kg7 40. Nf4 R5b6 41. Rc2 Rd6 42. h3 Rbd7 43. Kh2 Kf6 44. b5 Ke5 45. Ne2 Rd2 46. Rxd2 Rxd2 47. b6 Rd8 48. Rb5+ Kf6 49. Ra5 Rb8 50. Nf4 Nc3 51. Rc5 Nb1 52. Rc4 Nxa3 53. Rxa4 Nb5 54. Rb4 Nd6 55. Nd5+ Ke6 56. Nc7+ Ke7 57. Na6 Rb7 58. Nc5 Rb8 59. Kg3 Nb7 60. Nxb7 Rxb7 61. Kf4 Kf6 62. Rb5 Kg6 63. g3 h5 64. h4 Rb8 65. b7 1-0

[Event "GRE-chT 48th"]
[Site "Athens"]
[Date "2021.09.12"]
[Round "7.4"]
[White "Dimanoudis, Petros"]
[Black "Stefanou, Konstantinos"]
[Result "0-1"]
[WhiteElo "1588"]
[BlackElo "2042"]
[PlyCount "100"]
[EventDate "2021.09.07"]
[EventType "team-swiss"]
[EventRounds "7"]
[EventCountry "GRE"]
[SourceTitle "CBM 204 Extra"]
[Source "ChessBase"]
[SourceDate "2021.11.30"]
[SourceVersion "1"]
[SourceVersionDate "2021.11.30"]
[SourceQuality "1"]
[WhiteTeam "Ames Neas Erythreas"]
[BlackTeam "Irakleiou"]
[WhiteTeamCountry "GRE"]
[BlackTeamCountry "GRE"]

1. e4 c5 2. Nf3 Nc6 3. d4 cxd4 4. Nxd4 Qb6 5. Nb3 Nf6 6. Bd3 d5 7. Nc3 dxe4 8. Be3 Qc7 9. Nxe4 Nxe4 10. Bxe4 g6 11. Bxc6+ Qxc6 12. Qd4 f6 13. f3 e5 14. Qd2 Bf5 15. 0-0 Be7 16. f4 0-0 17. fxe5 fxe5 18. Bh6 Rfd8 19. Qe3 a5 20. Qxe5 Bf6 21. Qg3 Rd5 22. Rad1 a4 23. Rxd5 Qxd5 24. Nd2 Bxb2 25. Nf3 Bf6 26. Kh1 Rd8 27. Qc7 Qc6 28. Qxc6 bxc6 29. c4 Rb8 30. Bc1 Bd3 31. Re1 Bxc4 32. a3 Bd5 33. Nd2 Bg5 34. h3 h5 35. Kh2 Rf8 36. Nf1 Bxc1 37. Rxc1 Re8 38. Rc3 Re2 39. Ne3 Be4 40. Kg3 Kf7 41. Kh4 Ke6 42. Nf1 Bxg2 43. Ng3 Rb2 44. Rc4 Rb3 45. Rxa4 g5+ 46. Kxg5 Rxg3+ 47. Kxh5 Rxh3+ 48. Kg4 Rc3 49. Kf4 Bd5 50. Ra6 Kd6 0-1

[Event "GRE-chT 48th"]
[Site "Athens"]
[Date "2021.09.07"]
[Round "1.2"]
[White "Orfanaki, Kalliopi"]
[Black "Dimanoudis, Petros"]
[Result "0-1"]
[WhiteElo "1357"]
[BlackElo "1588"]
[PlyCount "116"]
[EventDate "2021.09.07"]
[EventType "team-swiss"]
[EventRounds "7"]
[EventCountry "GRE"]
[SourceTitle "CBM 204 Extra"]
[Source "ChessBase"]
[SourceDate "2021.11.30"]
[SourceVersion "1"]
[SourceVersionDate "2021.11.30"]
[SourceQuality "1"]
[WhiteTeam "OFI"]
[BlackTeam "Ames Neas Erythreas"]
[WhiteTeamCountry "GRE"]
[BlackTeamCountry "GRE"]

1. e4 c5 2. Nf3 e6 3. d4 cxd4 4. Nxd4 Nc6 5. Nc3 Qc7 6. Qd3 Nf6 7. Nxc6 bxc6 8. Qg3 Qxg3 9. hxg3 Bb4 10. Bd3 d5 11. exd5 cxd5 12. a3 Bxc3+ 13. bxc3 e5 14. c4 Ba6 15. cxd5 Bxd3 16. cxd3 Nxd5 17. Rh5 f6 18. d4 g6 19. Rh4 exd4 20. Rxd4 0-0-0 21. Rc4+ Kb7 22. Bb2 Rhe8+ 23. Kf1 Rd6 24. Rb1 Rb6 25. Rcc1 Rc8 26. Bd4 Rxc1+ 27. Rxc1 Rd6 28. Rb1+ Nb6 29. Be3 Rd3 30. Bc5 Rd5 31. Be3 h5 32. a4 Ra5 33. Rb4 Rxa4 34. Rb1 Kc6 35. Bxb6 axb6 36. Re1 Kd5 37. Rb1 Kc5 38. Re1 Rd4 39. Rc1+ Kd6 40. Rb1 Kc7 41. Ke2 Rd5 42. Rb2 Kc6 43. Ke3 b5 44. Ke4 Rc5 45. Kd4 Rc4+ 46. Kd3 Kc5 47. Rb3 b4 48. Rb2 f5 49. Rb3 Rd4+ 50. Kc2 Kc4 51. Rb2 Re4 52. Kc1 b3 53. Kd2 Rd4+ 54. Kc1 Kc3 55. Re2 Re4 56. Rxe4 fxe4 57. Kb1 b2 58. f4 e3 0-1

[Event "Nikaia op 28th"]
[Site "Nikaia"]
[Date "2021.08.21"]
[Round "1"]
[White "Pavlidis, Anastasios"]
[Black "Dimanoudis, Petros"]
[Result "1-0"]
[WhiteElo "2340"]
[BlackElo "1652"]
[PlyCount "61"]
[EventDate "2021.08.21"]
[EventType "swiss"]
[EventRounds "7"]
[EventCountry "GRE"]
[SourceTitle "CBM 204 Extra"]
[Source "ChessBase"]
[SourceDate "2021.11.30"]
[SourceVersion "1"]
[SourceVersionDate "2021.11.30"]
[SourceQuality "1"]

1. d4 Nf6 2. c4 g6 3. Nc3 Bg7 4. Nf3 0-0 5. g3 d6 6. Bg2 Nc6 7. 0-0 e5 8. d5 Nb8 9. Ne1 a5 10. Nd3 Na6 11. a3 Nd7 12. Rb1 f5 13. e4 Ndc5 14. b4 Nxd3 15. Qxd3 Rf7 16. f4 exf4 17. Bxf4 Qf6 18. Nb5 Bd7 19. Be3 Qe7 20. Bd4 Bh6 21. Rfe1 axb4 22. axb4 Nxb4 23. Rxb4 c5 24. dxc6 bxc6 25. Nc7 Rc8 26. Rb7 d5 27. cxd5 c5 28. Bc3 fxe4 29. Bxe4 Qd6 30. Ne6 Bxe6 31. dxe6 1-0

[Event "GRE-ch Online Rapid op 1st"]
[Site "Tornelo INT"]
[Date "2021.02.06"]
[Round "8"]
[White "Dimanoudis, Petros"]
[Black "Amiridou, Dimitra"]
[Result "0-1"]
[WhiteElo "1232"]
[BlackElo "1753"]
[PlyCount "56"]
[EventDate "2021.02.06"]
[EventType "swiss (rapid)"]
[EventRounds "8"]
[EventCountry "GRE"]
[SourceTitle "EXT 2023"]
[Source "ChessBase"]
[SourceDate "2022.10.05"]
[SourceVersion "1"]
[SourceVersionDate "2022.10.05"]
[SourceQuality "1"]

1. e4 c5 2. Nf3 d6 3. d4 cxd4 4. Nxd4 Nf6 5. Nc3 Nc6 6. Bg5 e6 7. f4 a6 8. Nxc6 bxc6 9. Qf3 h6 10. Bxf6 Qxf6 11. e5 Qd8 12. Qxc6+ Bd7 13. Qe4 d5 14. Qd3 Qb6 15. f5 Bc5 16. 0-0-0 Rb8 17. b3 a5 18. fxe6 fxe6 19. Qg6+ Kd8 20. Qxg7 Rf8 21. Ne4 Ba3+ 22. Kb1 Qc6 23. Nd6 Rf2 24. c4 Bxd6 25. exd6 Qa4 26. Qg8+ Be8 27. d7 Qxa2+ 28. Kc1 Qc2# 0-1

[Event "GRE-ch Online Rapid op 1st"]
[Site "Tornelo INT"]
[Date "2021.02.06"]
[Round "5"]
[White "Dimanoudis, Petros"]
[Black "Spyratos, Nikolaos"]
[Result "0-1"]
[WhiteElo "1232"]
[BlackElo "1702"]
[PlyCount "38"]
[EventDate "2021.02.06"]
[EventType "swiss (rapid)"]
[EventRounds "8"]
[EventCountry "GRE"]
[SourceTitle "EXT 2023"]
[Source "ChessBase"]
[SourceDate "2022.10.05"]
[SourceVersion "1"]
[SourceVersionDate "2022.10.05"]
[SourceQuality "1"]

1. e4 e5 2. Nf3 Nc6 3. Bc4 Nf6 4. d4 exd4 5. 0-0 Nxe4 6. Re1 d5 7. Bxd5 Qxd5 8. Nc3 Qd8 9. Nxe4 Be7 10. Bg5 0-0 11. Bxe7 Qxe7 12. Nxd4 Bd7 13. Qd2 Rad8 14. Rad1 Nxd4 15. Qxd4 Bc6 16. Nf6+ Qxf6 17. Qxa7 Rxd1 18. Rxd1 Qxb2 19. c4 Qc2 0-1

[Event "GRE-ch Online Rapid op 1st"]
[Site "Tornelo INT"]
[Date "2021.02.06"]
[Round "4"]
[White "Papidakis, Georgios"]
[Black "Dimanoudis, Petros"]
[Result "1-0"]
[WhiteElo "1669"]
[BlackElo "1232"]
[PlyCount "47"]
[EventDate "2021.02.06"]
[EventType "swiss (rapid)"]
[EventRounds "8"]
[EventCountry "GRE"]
[SourceTitle "EXT 2023"]
[Source "ChessBase"]
[SourceDate "2022.10.05"]
[SourceVersion "1"]
[SourceVersionDate "2022.10.05"]
[SourceQuality "1"]

1. d4 Nf6 2. Nf3 g6 3. Bg5 Ne4 4. Bh4 Bg7 5. e3 c5 6. c3 Qb6 7. Qb3 Nc6 8. Bd3 d5 9. 0-0 Bf5 10. Bxe4 Bxe4 11. Nbd2 Bd3 12. Rfe1 c4 13. Qa3 Qa5 14. Bxe7 Qxa3 15. Bxa3 b5 16. e4 dxe4 17. Nxe4 Bxe4 18. Rxe4+ Kd7 19. d5 Na5 20. Re7+ Kd8 21. Ng5 Rf8 22. Nxf7+ Rxf7 23. Rxf7 Be5 24. Rf8+ 1-0

[Event "GRE-ch Online Rapid op 1st"]
[Site "Tornelo INT"]
[Date "2021.02.06"]
[Round "2"]
[White "Pelekis, Georgios"]
[Black "Dimanoudis, Petros"]
[Result "0-1"]
[WhiteElo "1883"]
[BlackElo "1232"]
[PlyCount "28"]
[EventDate "2021.02.06"]
[EventType "swiss (rapid)"]
[EventRounds "8"]
[EventCountry "GRE"]
[SourceTitle "EXT 2023"]
[Source "ChessBase"]
[SourceDate "2022.10.05"]
[SourceVersion "1"]
[SourceVersionDate "2022.10.05"]
[SourceQuality "1"]

1. d4 Nf6 2. Bf4 g6 3. Nc3 c5 4. e3 Bg7 5. h4 a6 6. a4 Qb6 7. Qd2 Nc6 8. Nf3 d6 9. d5 Na5 10. e4 Ng4 11. 0-0-0 Qb4 12. Be3 b5 13. axb5 axb5 14. Nxb5 Qxb2# 0-1

[Event "GRE-ch South U14"]
[Site "Athens"]
[Date "2020.09.02"]
[Round "8"]
[White "Basinas, Konstantinos"]
[Black "Dimanoudis, Petros"]
[Result "1-0"]
[WhiteElo "1500"]
[BlackElo "1588"]
[PlyCount "155"]
[EventDate "2020.08.28"]
[EventType "swiss"]
[EventRounds "9"]
[EventCountry "GRE"]
[SourceTitle "EXT 2023"]
[Source "ChessBase"]
[SourceDate "2022.10.05"]
[SourceVersion "1"]
[SourceVersionDate "2022.10.05"]
[SourceQuality "1"]

1. d4 Nf6 2. c4 g6 3. Nc3 Bg7 4. e4 d6 5. Nge2 0-0 6. Ng3 e5 7. d5 a5 8. Be2 Na6 9. h4 h5 10. Bg5 Qe8 11. Qd2 Kh7 12. f3 Ng8 13. Nf1 f5 14. 0-0-0 Nc5 15. Ne3 f4 16. Nc2 Bf6 17. Rdg1 Bxg5 18. hxg5 Kg7 19. Nb5 Rf7 20. Qe1 Qd8 21. Qh4 c6 22. Nc3 a4 23. g3 fxg3 24. Qxg3 b5 25. cxb5 cxb5 26. Bxb5 Bd7 27. Be2 Qb6 28. Na3 Rb8 29. Nc4 Qb4 30. Kc2 Na6 31. Rb1 Rf4 32. Nxe5 dxe5 33. Bxa6 Qb6 34. Bd3 Qe3 35. Rhf1 h4 36. Qf2 Qxf2+ 37. Rxf2 Rbf8 38. Be2 h3 39. Rbf1 Rh4 40. Rh2 Ne7 41. Kd2 Nc8 42. Ke3 Nd6 43. a3 Rb8 44. Bd3 Rb3 45. f4 Nb5 46. Nxa4 exf4+ 47. Kd2 Nxa3 48. bxa3 Bxa4 49. Bc2 Rxa3 50. Bxa4 Rxa4 51. Kd3 f3 52. Re1 Ra3+ 53. Kd4 Ra4+ 54. Ke5 Kf7 55. Re3 Ke7 56. d6+ Kd7 57. Rxf3 Raxe4+ 58. Kf6 Re6+ 59. Kg7 Rxd6 60. Rhxh3 Rg4 61. Rhg3 Re4 62. Rf6 Re7+ 63. Kxg6 Rd1 64. Rh3 Rg1 65. Ra3 Re5 66. Ra7+ Ke8 67. Ra8+ Kd7 68. Rf7+ Kd6 69. Ra6+ Kd5 70. Ra5+ Ke4 71. Rxe5+ Kxe5 72. Rf2 Rh1 73. Kg7 Rg1 74. g6 Ra1 75. Kh7 Rh1+ 76. Kg8 Rg1 77. g7 Ke6 78. Kf8 1-0

[Event "GRE-ch South U14"]
[Site "Athens"]
[Date "2020.08.31"]
[Round "5"]
[White "Dimanoudis, Petros"]
[Black "Tragoudaras, Nikolaos"]
[Result "1-0"]
[WhiteElo "1588"]
[BlackElo "1591"]
[PlyCount "87"]
[EventDate "2020.08.28"]
[EventType "swiss"]
[EventRounds "9"]
[EventCountry "GRE"]
[SourceTitle "EXT 2023"]
[Source "ChessBase"]
[SourceDate "2022.10.05"]
[SourceVersion "1"]
[SourceVersionDate "2022.10.05"]
[SourceQuality "1"]

1. e4 c5 2. Nf3 d6 3. d4 cxd4 4. Nxd4 Nf6 5. Nc3 a6 6. f4 e5 7. Nf3 Qc7 8. Bd3 b5 9. a3 Nbd7 10. 0-0 Be7 11. Kh1 0-0 12. Qe1 exf4 13. Bxf4 Ne5 14. Bg5 Be6 15. Nd4 Nfg4 16. Bxe7 Qxe7 17. Nf5 Bxf5 18. exf5 Nf6 19. Be4 Rac8 20. Rc1 Rfe8 21. Nd5 Nxd5 22. Bxd5 Qg5 23. Qf2 Nd3 24. Qa7 Nxc1 25. Bxf7+ Kh8 26. Bxe8 Rxe8 27. Qxa6 Ne2 28. Qxb5 Qe7 29. Qd3 Qe4 30. Qxe4 Rxe4 31. g3 Nd4 32. c3 Nc2 33. Rd1 Re1+ 34. Rxe1 Nxe1 35. b4 Nd3 36. a4 Nb2 37. a5 Nc4 38. Kg2 Kg8 39. Kf3 Kf7 40. Ke4 Ke7 41. Kd5 Ne5 42. a6 Nd7 43. Kc6 Ne5+ 44. Kc7 1-0

[Event "GRE-ch South U14"]
[Site "Athens"]
[Date "2020.08.30"]
[Round "4"]
[White "Proutsalis, Marios Alexandros"]
[Black "Dimanoudis, Petros"]
[Result "0-1"]
[WhiteElo "1509"]
[BlackElo "1588"]
[PlyCount "72"]
[EventDate "2020.08.28"]
[EventType "swiss"]
[EventRounds "9"]
[EventCountry "GRE"]
[SourceTitle "EXT 2023"]
[Source "ChessBase"]
[SourceDate "2022.10.05"]
[SourceVersion "1"]
[SourceVersionDate "2022.10.05"]
[SourceQuality "1"]

1. e4 c5 2. Nc3 Nc6 3. g3 g6 4. Bg2 Bg7 5. d3 d6 6. f4 e6 7. Nf3 Nge7 8. 0-0 0-0 9. Rb1 Rb8 10. Bd2 Nd4 11. Nxd4 cxd4 12. Ne2 b5 13. c3 Qb6 14. cxd4 Bxd4+ 15. Nxd4 Qxd4+ 16. Kh1 b4 17. Bc3 bxc3 18. bxc3 Rxb1 19. Qxb1 Qxc3 20. Rc1 Qa5 21. Qb2 e5 22. f5 f6 23. h4 Ba6 24. Qb3+ d5 25. fxg6 hxg6 26. exd5 Nf5 27. d6+ Kh8 28. Qe6 Qd2 29. Rc7 Qe1+ 30. Kh2 Qxg3+ 31. Kg1 Qe1+ 32. Kh2 Qxh4+ 33. Kg1 Rb8 34. Rb7 Bxb7 35. d7 Qe1+ 36. Kh2 Qg3+ 0-1

[Event "GRE-ch U12"]
[Site "Rio Achaia"]
[Date "2018.07.08"]
[Round "8"]
[White "Dimanoudis, Petros"]
[Black "Alysandratos, Spyridon"]
[Result "1-0"]
[WhiteElo "1430"]
[BlackElo "1225"]
[PlyCount "40"]
[EventDate "2018.07.03"]
[EventType "swiss"]
[EventRounds "9"]
[EventCountry "GRE"]
[SourceTitle "EXT 2019"]
[Source "ChessBase"]
[SourceDate "2018.10.10"]
[SourceVersion "1"]
[SourceVersionDate "2018.10.10"]
[SourceQuality "1"]

1. e4 c5 2. Nf3 e6 3. d4 cxd4 4. Nxd4 Nf6 5. Nc3 Nc6 6. Nxc6 bxc6 7. e5 Nd5 8. Ne4 Be7 9. c4 Ba6 10. cxd5 Qa5+ 11. Qd2 Bb4 12. Nc3 exd5 13. Bxa6 c5 14. Be2 d4 15. Qg5 Bxc3+ 16. Bd2 Rb8 17. bxc3 dxc3 18. Qe3 c2 19. Bxa5 Rb1+ 20. Qc1 Rxc1+ 1-0

[Event "GRE-ch U12"]
[Site "Rio Achaia"]
[Date "2018.07.03"]
[Round "1"]
[White "Koutras, Konstantinos"]
[Black "Dimanoudis, Petros"]
[Result "1/2-1/2"]
[WhiteElo "1148"]
[BlackElo "1430"]
[PlyCount "80"]
[EventDate "2018.07.03"]
[EventType "swiss"]
[EventRounds "9"]
[EventCountry "GRE"]
[SourceTitle "EXT 2019"]
[Source "ChessBase"]
[SourceDate "2018.10.10"]
[SourceVersion "1"]
[SourceVersionDate "2018.10.10"]
[SourceQuality "1"]

1. e4 c5 2. c3 Nf6 3. e5 Nd5 4. d4 cxd4 5. cxd4 Nc6 6. Nf3 d6 7. Bc4 dxe5 8. Bxd5 Qxd5 9. Nc3 Qa5 10. d5 e4 11. dxc6 exf3 12. Qxf3 Qb6 13. Nd5 Qxc6 14. Bf4 Bg4 15. Qe4 Rc8 16. Rc1 Qxc1+ 17. Bxc1 Rxc1+ 18. Kd2 Rxh1 19. Qxg4 e6 20. Qa4+ Kd8 21. Qh4+ Kd7 22. Nc3 Bd6 23. Qa4+ Ke7 24. Qxa7 Rd8 25. Ke2 Rd7 26. h3 Bb4 27. a3 Bxc3 28. Qc5+ Rd6 29. Qc7+ Rd7 30. Qc5+ Kd8 31. bxc3 Rd5 32. Qf8+ Kc7 33. Qxf7+ Kd6 34. Qf8+ Kc6 35. Qc8+ Kd6 36. Qb8+ Kc6 37. Qc8+ Kd6 38. Qb8+ Kc6 39. Qc8+ Kd6 40. Qb8+ Kc6 1/2-1/2

[Event "GRE-chT 45th"]
[Site "Achaia"]
[Date "2017.07.07"]
[Round "6.14"]
[White "Dimanoudis, Petros"]
[Black "Makrygiannis, Ion Periandros"]
[Result "1-0"]
[WhiteElo "1153"]
[BlackElo "1086"]
[PlyCount "53"]
[EventDate "2017.07.03"]
[EventType "team-swiss"]
[EventRounds "7"]
[EventCountry "GRE"]
[SourceTitle "CBM 179 Extra"]
[Source "ChessBase"]
[SourceDate "2017.08.23"]
[SourceVersion "1"]
[SourceVersionDate "2017.08.23"]
[SourceQuality "1"]
[WhiteTeam "Rhodes Knight"]
[BlackTeam "Evoiki HS"]
[WhiteTeamCountry "GRE"]
[BlackTeamCountry "GRE"]

1. e4 c5 2. Nf3 g6 3. d4 cxd4 4. Nxd4 Bg7 5. c4 Nc6 6. Be3 Nf6 7. Nc3 0-0 8. f3 d6 9. Qd2 Qb6 10. Ne6 Qb4 11. Nxf8 Kxf8 12. a3 Qa5 13. Be2 Be6 14. 0-0 Qe5 15. Nd5 Nxd5 16. cxd5 Bxd5 17. exd5 Nb8 18. Rac1 Nd7 19. Bxa7 Qh5 20. Rc7 Nf6 21. Rxb7 Nxd5 22. Rb5 e6 23. f4 Qf5 24. Bb8 Ra6 25. Rxd5 Qxd5 26. Qxd5 exd5 27. Bxa6 1-0

[Event "GRE-ch U10"]
[Site "Achaia"]
[Date "2017.07.02"]
[Round "9"]
[White "Makridis, Dimitrios"]
[Black "Dimanoudis, Petros"]
[Result "1-0"]
[WhiteElo "1047"]
[BlackElo "1153"]
[PlyCount "67"]
[EventDate "2017.06.26"]
[EventType "swiss"]
[EventRounds "9"]
[EventCountry "GRE"]
[SourceTitle "EXT 2018"]
[Source "ChessBase"]
[SourceDate "2017.10.13"]
[SourceVersion "1"]
[SourceVersionDate "2017.10.13"]
[SourceQuality "1"]

1. e4 c5 2. Nf3 e6 3. d4 cxd4 4. Nxd4 Nc6 5. Be3 Qc7 6. Nc3 a6 7. a3 Nf6 8. Be2 Be7 9. 0-0 0-0 10. f4 d6 11. Bf3 Rd8 12. Qe2 Na5 13. Rad1 Nc4 14. Rb1 Nxa3 15. bxa3 Qxc3 16. Rb3 Qc7 17. Rfb1 Rb8 18. e5 dxe5 19. fxe5 Nd5 20. Bxd5 Rxd5 21. Nf3 Bc5 22. Rc3 Qa5 23. Rxc5 Rxc5 24. Bxc5 Qxc5+ 25. Kh1 Qxa3 26. Rd1 Qa5 27. Qd3 g6 28. Qd6 Ra8 29. Qe7 Kg7 30. Qf6+ Kh6 31. Ng5 Kh5 32. Nxf7 h6 33. Qf3+ Kh4 34. Qh3# 1-0

[Event "GRE-ch U10"]
[Site "Achaia"]
[Date "2017.07.01"]
[Round "8"]
[White "Magklaras, Panagiotis"]
[Black "Dimanoudis, Petros"]
[Result "0-1"]
[WhiteElo "1160"]
[BlackElo "1153"]
[PlyCount "74"]
[EventDate "2017.06.26"]
[EventType "swiss"]
[EventRounds "9"]
[EventCountry "GRE"]
[SourceTitle "EXT 2018"]
[Source "ChessBase"]
[SourceDate "2017.10.13"]
[SourceVersion "1"]
[SourceVersionDate "2017.10.13"]
[SourceQuality "1"]

1. e4 c5 2. Nc3 e6 3. f4 Nc6 4. Nf3 Qc7 5. e5 a6 6. a4 Nh6 7. Be2 Be7 8. 0-0 0-0 9. Kh1 f6 10. exf6 Bxf6 11. d3 Nf5 12. Ne4 Be7 13. Qe1 d5 14. Ng3 Nfd4 15. Bd1 Bd6 16. Nxd4 Nxd4 17. c3 Nc6 18. Ne2 Bd7 19. Bc2 Ne7 20. Rf3 Ng6 21. Qf1 Rf6 22. d4 cxd4 23. Bxg6 Rxg6 24. cxd4 Rc8 25. Rc3 Qb6 26. Rxc8+ Bxc8 27. Qd1 Qd8 28. Bd2 Rh6 29. Rc1 Bd7 30. Rc3 Kh8 31. Qc2 Bb4 32. Rd3 Bxd2 33. Rxd2 Qh4 34. h3 e5 35. Qc7 Bxh3 36. Qb8+ Bc8+ 37. Kg1 Qe1# 0-1

[Event "GRE-ch U10"]
[Site "Achaia"]
[Date "2017.06.30"]
[Round "7"]
[White "Tzemanakis, Grigoris"]
[Black "Dimanoudis, Petros"]
[Result "0-1"]
[WhiteElo "1068"]
[BlackElo "1153"]
[PlyCount "62"]
[EventDate "2017.06.26"]
[EventType "swiss"]
[EventRounds "9"]
[EventCountry "GRE"]
[SourceTitle "EXT 2018"]
[Source "ChessBase"]
[SourceDate "2017.10.13"]
[SourceVersion "1"]
[SourceVersionDate "2017.10.13"]
[SourceQuality "1"]

1. e4 c5 2. Nf3 e6 3. d4 cxd4 4. Nxd4 a6 5. Nc3 Qc7 6. Be3 Nf6 7. f3 Bb4 8. Qd2 d5 9. Bd3 e5 10. Nb3 d4 11. Nxd4 exd4 12. Bxd4 Qe7 13. a3 Bxc3 14. Bxc3 Nc6 15. Qg5 0-0 16. 0-0-0 h6 17. Qh4 Nd5 18. Qxe7 Ndxe7 19. g4 Be6 20. h4 Rfd8 21. g5 h5 22. f4 Bg4 23. Rde1 Ng6 24. Bd2 Nd4 25. Reg1 Nf3 26. Rxg4 hxg4 27. h5 Ngh4 28. Be1 Nxe1 29. Rxe1 Nf3 30. Rf1 Rac8 31. Rh1 Rxd3 0-1

[Event "GRE-ch U10"]
[Site "Achaia"]
[Date "2017.06.29"]
[Round "5"]
[White "Dimanoudis, Petros"]
[Black "Paraskakis, Filippos"]
[Result "1-0"]
[WhiteElo "1153"]
[BlackElo "1072"]
[PlyCount "120"]
[EventDate "2017.06.26"]
[EventType "swiss"]
[EventRounds "9"]
[EventCountry "GRE"]
[SourceTitle "EXT 2018"]
[Source "ChessBase"]
[SourceDate "2017.10.13"]
[SourceVersion "1"]
[SourceVersionDate "2017.10.13"]
[SourceQuality "1"]

1. e4 c5 2. Nf3 d6 3. d4 cxd4 4. Nxd4 Nf6 5. Nc3 g6 6. Be3 Bg7 7. f3 0-0 8. Qd2 Nc6 9. Bc4 Bd7 10. 0-0-0 Rc8 11. Bb3 Ne5 12. Kb1 Nc4 13. Bxc4 Rxc4 14. g4 Qc7 15. g5 Nh5 16. Nd5 Qd8 17. Qd3 Rc8 18. Nb3 Be6 19. Bxa7 Bxd5 20. Qxd5 Qc7 21. Bd4 Nf4 22. Qb5 Qxc2+ 23. Ka1 Ne2 24. Bxg7 Kxg7 25. Rd2 Nc3 26. bxc3 Qxc3+ 27. Kb1 Qxf3 28. Re1 Qf4 29. Qd5 Qh4 30. Ree2 Rc6 31. Rc2 Rxc2 32. Rxc2 Qe1+ 33. Kb2 Qh4 34. Rg2 b6 35. e5 Qh3 36. Rc2 Qf5 37. h4 Qxe5+ 38. Qxe5+ dxe5 39. Rc6 Rb8 40. Kc3 Ra8 41. Nc1 Ra3+ 42. Kb4 Rh3 43. Rc4 Re3 44. Kb5 e4 45. Kxb6 Re1 46. a4 e3 47. a5 Rd1 48. a6 Rd2 49. a7 Rb2+ 50. Kc7 e2 51. Nxe2 Ra2 52. Kb6 Rb2+ 53. Ka5 Ra2+ 54. Ra4 Rxe2 55. a8Q Re5+ 56. Kb4 Rf5 57. Qd8 Rf4+ 58. Kb3 Rf3+ 59. Kc2 Rf2+ 60. Kd1 Rf1+ 1-0

[Event "GRE-ch U10"]
[Site "Porto Rio"]
[Date "2016.07.01"]
[Round "6"]
[White "Fragkos, Vasileios"]
[Black "Dimanoudis, Petros"]
[Result "1/2-1/2"]
[WhiteElo "1222"]
[BlackElo "1132"]
[PlyCount "129"]
[EventDate "2016.06.28"]
[EventType "swiss"]
[EventRounds "9"]
[EventCountry "GRE"]
[SourceTitle "CBM 173 Extra"]
[Source "ChessBase"]
[SourceDate "2016.08.29"]
[SourceVersion "1"]
[SourceVersionDate "2016.08.29"]
[SourceQuality "1"]

1. e4 c5 2. Be2 Nc6 3. f4 d5 4. d3 g6 5. e5 Nh6 6. Nf3 Bg7 7. 0-0 0-0 8. c3 d4 9. c4 Nf5 10. a3 b6 11. Bd2 Bb7 12. b4 Rb8 13. b5 Na5 14. a4 f6 15. exf6 Bxf6 16. Ng5 Bxg5 17. fxg5 e6 18. Ra3 Qe7 19. Bf3 Bc8 20. Qe1 Nb7 21. Bg4 Nbd6 22. Bf4 Re8 23. Qe5 Bd7 24. Nd2 Nf7 25. Qf6 Qxf6 26. gxf6 e5 27. Bxf5 Bxf5 28. Bg3 Nd6 29. Re1 Re6 30. Rxe5 Rxf6 31. Rd5 Rd8 32. Bh4 Rff8 33. Bxd8 Rxd8 34. Re5 Kf7 35. Kf2 Kf6 36. Re1 Kf7 37. Nf3 Ra8 38. g4 Bc8 39. h3 a6 40. Raa1 axb5 41. axb5 Rb8 42. Ng5+ Kg7 43. Re2 h6 44. Ne4 Nf7 45. Nd2 Ng5 46. Kg3 h5 47. Ra7+ Kf6 48. Ne4+ Nxe4+ 49. Rxe4 hxg4 50. hxg4 Bb7 51. Re1 Kg5 52. Ra2 Bc8 53. Re4 Bb7 54. Re1 Bc8 55. Rf2 Bxg4 56. Re5+ Bf5 57. Rf3 Rh8 58. Kg2 Ra8 59. Re2 Bg4 60. Rg3 Ra3 61. Re4 Ra2+ 62. Kf1 Ra1+ 63. Kg2 Ra2+ 64. Kg1 Ra1+ 65. Kf2 1/2-1/2